HAND BOOK INTERNATIONAL BRIDGE ENGINEERING / (Record no. 588557)
[ view plain ]
| 000 -LEADER | |
|---|---|
| fixed length control field | 00349nam a22001337a 4500 |
| 020 ## - INTERNATIONAL STANDARD BOOK NUMBER | |
| Qualifying information | HB. |
| 040 ## - CATALOGING SOURCE | |
| Transcribing agency | FIZZA ISHAQ |
| 082 ## - DEWEY DECIMAL CLASSIFICATION NUMBER | |
| Classification number | 624.2 |
| Author Mark | WAI |
| 100 ## - MAIN ENTRY--PERSONAL NAME | |
| Personal name | DUAN,LIAN CHEN FAH WAI. |
| 9 (RLIN) | 90194 |
| 245 ## - TITLE STATEMENT | |
| Title | HAND BOOK INTERNATIONAL BRIDGE ENGINEERING / |
| Statement of responsibility, etc. | WAI FAH CHEN LIAN DUAN. |
| 260 ## - PUBLICATION, DISTRIBUTION, ETC. | |
| Place of publication, distribution, etc. | NEW YORK ; |
| Date of publication, distribution, etc. | 2014. |
| 300 ## - PHYSICAL DESCRIPTION | |
| Extent | 1376 P. ; |
| 942 ## - ADDED ENTRY ELEMENTS (KOHA) | |
| Source of classification or shelving scheme | |
| Koha item type | Book |
| Withdrawn status | Lost status | Source of classification or shelving scheme | Damaged status | Not for loan | Permanent Location | Current Location | Date acquired | Total Checkouts | Full call number | Barcode | Date last seen | Price effective from | Koha item type |
|---|---|---|---|---|---|---|---|---|---|---|---|---|---|
| NUST Baluchistan Campus (NBC) | NUST Baluchistan Campus (NBC) | 03/04/2022 | 624.2 WAI | Q-2363 | 03/04/2022 | 03/04/2022 | Book |
